000 00261nam a2200109Ia 4500
005 20251222144823.0
008 251222s9999||||xx |||||||||||||| ||spa||
082 _a920/B5/9
100 _a"Hoper López, René"
245 0 _aRaél Porras Barrenechea
942 _cLIB
999 _c20551
_d20551